Telesná výchova a šport v živote človeka konferenčný recenzovaný zborník vedeckých prác

Bibliographic Details
Corporate Author: Technická univerzita vo Zvolene. Ústav telesnej výchovy a športu. Telesná výchova a šport v živote človeka (Author)
Other Authors: Baisová, Karin, 1973- (Compiler), Kružliak, Martin, 1961- (Compiler)
Format: Software eBook
Language:Slovak
Czech
English
PhysicalDescription:1 CD-ROM farebný 12 cm
Published: Zvolen VTU vo Zvolene 2019
ISBN:9788022831871
Edition:Vydanie prvé
Subjects:

MARC

LEADER 00000nam a2200000 4500
001 vtls011993134
003 SK-MaSNL
005 20260506072647.0
007 co cg auuua
008 200921s2019 xo | fq 100 0 slo
015 |a SNBS2020 
020 |a 9788022831871  |q (elektronická kniha) 
040 |a SNK  |b slo  |c SNK  |e rda 
041 0 |a slo  |a cze  |a eng  |b eng 
044 |a xo  |c SK 
072 7 |a 796  |x Šport. Hry. Telesné cvičenia  |2 konspekt 
072 7 |a 613.7  |x Zdravie a hygiena voľného času, rekreácie a spánku  |2 konspekt 
080 |a 37.016:796/799  |2 2011 
080 |a 796/799  |2 2011 
080 |a 796.012.6  |2 2011 
080 |a 613.71/.73  |2 2011 
080 |a (062.534)  |2 2011 
080 |a (0.034.44)  |2 2011 
110 2 |a Technická univerzita vo Zvolene.  |b Ústav telesnej výchovy a športu.  |b Telesná výchova a šport v živote človeka  |n (10. :  |d 2019 :  |c Zvolen, Slovensko)  |4 aut  |9 506274 
245 1 0 |a Telesná výchova a šport v živote človeka  |b konferenčný recenzovaný zborník vedeckých prác  |c zostavili: Karin Baisová, Martin Kružliak 
250 |a Vydanie prvé 
264 1 |a Zvolen  |b VTU vo Zvolene  |c 2019 
300 |a 1 CD-ROM  |b farebný  |c 12 cm 
336 |a text  |b txt  |2 rdacontent 
337 |a počítač  |b c  |2 rdamedia 
338 |a počítačový disk  |b cd  |2 rdacarrier 
347 |a textový súbor  |b PDF  |2 rda 
366 |e 60 kusov 
500 |a Názov z titulnej obrazovky 
504 |a Obsahuje bibliografické odkazy 
546 |a Text čiastočne aj anglicky, česky; resumé anglicky 
650 0 7 |a telesná výchova  |2 SNKPH  |9 708 
650 0 7 |a šport  |2 SNKPH  |9 1042 
650 0 7 |a pohybová aktivita  |2 SNKPH  |9 3607 
650 0 7 |a Physical education  |2 SNKPHeng  |9 265416 
650 0 7 |a šport  |2 SNKPHeng  |9 1042 
650 0 7 |a Movement activity  |2 SNKPHeng  |9 312821 
655 7 |a CD-ROM  |2 SNKPH  |9 70236 
655 7 |a zborníky konferencií  |2 SNKPH  |9 70153 
655 7 |a Proceedings of conferences  |2 SNKPHeng  |9 265791 
700 1 |a Baisová, Karin,  |d 1973-  |4 com  |9 159754 
700 1 |a Kružliak, Martin,  |d 1961-  |4 com  |9 159755 
919 |a 978-80-228-3187-1 
958 |a NB 
999 |c 781613  |d 783543 
952 |a SNK  |b SNK  |y PREZ  |7 0  |p 17A1442927  |o snkSCDM 11303  |i snk2020/16702  |8 0  |0 0  |1 0  |4 0  |d 2020-09-21  |l 0  |r 2026-02-24 01:07:12  |w 2026-02-24 
952 |t snkTEL 796  |a SNKMST  |b SNKMST  |y PREZ  |7 0  |p 17A1442928  |o snkSCDM 11303 D1  |i snk2020/16703  |8 0  |0 0  |1 0  |4 0  |d 2020-09-21  |l 0  |r 2025-08-12 00:00:00  |w 2026-02-24